00747nam a22002417a 4500003000900000005001700009008004100026020001800067040003400085082001700119100003600136245004400172250002700216260005100243300002000294490002300314500001900337650002900356651002400385929007300409942000800482999001500490AR-BeUNQ20250303213301.0250303b |||||||| |||| 00| 0 spa d a9789871156962 aAR-BeUNQbspacAR-BeUNQeaacr 221aA863 AVE aAverbach, Márgaracaut.d1957 aUna cuadra.cMárgara Averbach.hlibro a1a.edb1areimpresión aBuenos Aires :bAdriana Hidalgo Editora,c2009 a186 p. ;c19 cm aLa Lengua / novela anovela juvenil 2tellaLiteratura juvenil aArgentina2unescot. aDONACIONbViviana Deyaherebere.c0d0e04/09/2023fPAT0082266j61535 cLIB c1192d1192